|
|
|
|
| LEADER |
00851nas a2200241 u 4500 |
| 001 |
10027906 |
| 003 |
upatras |
| 005 |
20210117195632.0 |
| 008 |
771001s1920 uk q p eng |
| 022 |
|
|
|a 0020-7578
|
| 040 |
|
|
|a GR-PaULI
|c GR-PaULI
|
| 041 |
0 |
|
|a eng
|
| 082 |
0 |
4 |
|a 616.89
|
| 222 |
|
0 |
|a International journal of psycho-analysis
|b [Περιοδικό]
|
| 245 |
1 |
0 |
|a International journal of psycho-analysis
|h [Περιοδικό]
|
| 260 |
|
|
|a London
|b Bailliare Tindall
|
| 310 |
|
|
|a Τριμηνιαίο
|
| 362 |
0 |
|
|a 62(1981) - 67(1986)
|
| 852 |
|
|
|a GR-PaULI
|b ΠΑΤΡΑ
|b ΒΚΠ
|b ΙΒ
|k ΠΕΡ
|h 616.89
|m 846
|t 1
|3 62(1981)-67(1986)
|
| 866 |
|
|
|a 62(1981)-67(1986)
|
| 942 |
|
|
|2 ddc
|s 1
|c JNL
|
| 952 |
|
|
|0 0
|1 0
|4 0
|6 616_890000000000000
|7 0
|9 21449
|a LISP
|b LISP
|c SER
|d 2016-04-24
|i 846
|l 0
|o 616.89
|r 2016-04-24 00:00:00
|t 1
|w 2016-04-24
|y JNL
|
| 999 |
|
|
|c 12800
|d 12800
|